| 000 | 00416cam a2200169ua 4500 | ||
|---|---|---|---|
| 020 | _c1.00 | ||
| 041 |
_amal _h |
||
| 082 |
_a894.8124 _bBOL/AN |
||
| 100 | _aBolton, Sarah K. | ||
| 245 |
_aAnchu Sastranayakanmar / _cSarah K Bolton. _hTextual Documents |
||
| 260 |
_aEranakulam : _bDeepam Publishing Co , _c1959. |
||
| 300 | _a108 ; . | ||
| 365 | _a1.00 | ||
| 504 | _a | ||
| 942 | _cBK | ||
| 999 |
_c4800 _d4800 |
||